| 000 | 01210nam a22003377a 4500 | ||
|---|---|---|---|
| 003 | CHAP | ||
| 005 | 20220329140319.0 | ||
| 008 | 971013s1986 r 00010 d | ||
| 010 | _a50228 | ||
| 011 | _a51200 | ||
| 035 | _a55350 | ||
| 040 | _cCHAP | ||
| 090 | _aTesis | ||
| 100 | 0 | 0 |
_aPinales Quiroz, Juan Francisco. _988126 |
| 245 | _aEvaluación del método de riego por surcos alternos con 5 dósis de fertilización nitrogenada en el cultivo de frijol (Phaseolus vulgaris L.) | ||
| 260 |
_aMarín, N.L. : _bEl autor, _c1986 |
||
| 300 |
_a72 h. _b: ilus. ; gráfs. |
||
| 502 | _aTesis (Ing. Agr. Esp. en Fitotecnia) -- Universidad Autónoma de Nuevo León | ||
| 590 |
_aALEPH _b10 _c20130110 _lUCH01 _h1324 |
||
| 590 |
_aBATCH-UPD _b10 _c20130110 _lUCH01 _h0629 |
||
| 590 |
_aBATCH-UPD _b10 _c20130410 _lUCH01 _h0312 |
||
| 590 |
_aBATCH-UPD _b10 _c20130914 _lUCH01 _h1400 |
||
| 590 |
_aCONVERSION _b10 _c20130109 _lUCH01 _h1327 |
||
| 650 | 1 | 4 |
_aFertilizantes nitrogenados. _940596 |
| 650 | 1 | 4 |
_aFertilizantes _xEfecto en frijol. _940511 |
| 650 | 1 | 4 |
_aFrijol _xIrrigación. _943398 |
| 650 | 1 | 4 |
_aRiego por surcos. _997384 |
| 901 | _aBK | ||
| 942 | _cTESIS | ||
| 949 |
_bBC _cTES _d-121502 _eTS1 _h19938 _i55350 _si |
||
| 999 |
_c50228 _d50228 |
||